000 00560nam a2200193 a 4500
005 20220603063546.0
008 991125s1992 mx 000 0 spa u
020 _a9681639146
035 _aUPN01000012532
049 _aI
050 4 _aPZ74 T4.48
100 1 _aTegetthoff, Folke
245 1 0 _aCuando los gigantes aman y otros cuentos /
_ctr. María Ofelia Arruti
260 _aMéxico :
_bFCE,
_c1992
300 _a102 p. :
_bil
440 2 _aA la orilla del viento. Para los que leen bien;
_v33
650 4 _aCuentos infantiles
_96744
905 _aInfantil
999 _c12532
_d12532